000 00379cam a22001217a 4500
008 180718b xxu||||| |||| 00| 0 eng d
082 _aT000x54 K113
100 _aKabra, K.N.
245 _aPlanning process in a district
_cby K.N. Kabra
260 _aDelhi
_bIndian Inst. of public Administration
_c
500 _aContents : Library has 1974, 1977
650 _aEconomic Planning - India
999 _c476914
_d476914